Adresář československé soustavy VTEI. 1981. [Díl] 1.

Podrobná bibliografia
Hlavný autor: Matoušová, Miroslava (Zostavovateľ, kompilátor)
Médium: Kniha
Jazyk:čeština
Fyzický popis:348, [1] s. 8°
Vydavateľské údaje: Praha ÚVTEI 1983
Vydanie:Dotisk.
Edícia:Zdroje informací sv. 1.

MARC

LEADER 00000nam a2200000 a 4500
001 vtls001140308
003 SK-MaSNL
005 20260331202934.0
008 210928s1983 CS 0 cze
035 |a SNK000083161 
040 |a SNK  |b slo  |c SNK  |e AACR2 
041 0 |a cze 
044 |a [CS] 
100 1 |a Matoušová, Miroslava  |4 zos  |9 11067 
245 1 |a Adresář československé soustavy VTEI. 1981. [Díl] 1.  |c Sest. Miroslava Matoušová 
250 |a Dotisk. 
260 |a Praha  |b ÚVTEI  |c 1983  |e S.l.rozmn.  |f rozmn. 
300 |a 348, [1] s.  |c 8° 
490 0 |a Zdroje informací  |v sv. 1. 
958 |a OND 
999 |c 794852  |d 796782 
952 |t P60, <04>, [BOOK], {604}  |a SNK  |b SNK  |y VYP  |7 0  |p 17A0111949  |o snkSC 58903/1 D1  |0 0  |1 0  |4 0  |d 1997-12-08  |l 0  |r 2005-01-01 00:00:00  |w 2026-02-24 
952 |t P60, <03>, [BOOK], {603}  |a SNK  |b SNK  |y PREZ  |7 0  |p 17A0297539  |o snkSC 58903/1  |i snkK 471/83  |0 0  |1 0  |4 0  |d 2001-04-23  |l 0  |r 2025-06-05 00:00:00  |w 2026-02-24